<The> revenge of Gaia why the earth is fighting back - and how we can still save humanity

Gespeichert in:
Bibliographische Detailangaben
1. Verfasser: Lovelock, James
Format: Buch
Sprache:Englisch
Veröffentlicht: London Allen Lane/Penguin Books 2006
Schlagworte:
Tags: Tag hinzufügen
Keine Tags, Fügen Sie das erste Tag hinzu!

MARC

LEADER 00000nam$a2200000$$$4500
001 0106451
005 20240312115958.1
020 |a 978-0-713-99914-3 
020 |a 0-713-99914-4 
041 0 |a eng 
044 |a GB 
245 1 0 |a <The> revenge of Gaia  |b why the earth is fighting back - and how we can still save humanity  |c James Lovelock 
264 1 |a London  |b Allen Lane/Penguin Books  |c 2006 
300 |a xiii, 176 s. 
610 2 0 |a prostredie životné 
610 2 0 |a ochrana prírody 
610 2 0 |a ochrana prostredia životného 
610 2 0 |a zmeny klimatické 
100 1 |a Lovelock, James